Online Catalogue and eLibrary

Strategies for integrating women into the labour market (Record no. 2573)

MARC details
000 -LEADER
fixed length control field 00587nam a2200193Ia 4500
005 - DATE AND TIME OF LATEST TRANSACTION
control field 20240418061539.0
008 - FIXED-LENGTH DATA ELEMENTS--GENERAL INFORMATION
fixed length control field 240331s9999 xx 000 0 und d
020 ## - INTERNATIONAL STANDARD BOOK NUMBER
ISBN 8788209083
082 ## - DDC Classification
Item Number - Author Mark HVI
Class No. 331.4
245 #0 - TITLE STATEMENT
Title Strategies for integrating women into the labour market
Statement of responsibility, etc. Women's Research Centre in Social Science.
260 ## - PUBLICATION, DISTRIBUTION, ETC.
Place of publication, distribution, etc. Denmark :
Name of publisher, distributor, etc. Women's Research Centre in Social Science /
Date of publication, distribution, etc. 1982.
300 ## - PHYSICAL DESCRIPTION
Extent (e.g. Volumes, Pages etc.) 347 p .,
650 ## - SUBJECT ADDED ENTRY--TOPICAL TERM
Topical term or geographic name entry element Women
650 ## - SUBJECT ADDED ENTRY--TOPICAL TERM
Topical term or geographic name entry element Social
700 ## - ADDED ENTRY--PERSONAL NAME
Personal name Hvidtfeldt, Kirsten
Relator term (Role) Editor
700 ## - ADDED ENTRY--PERSONAL NAME
Personal name Jorgensen, Kirsten
Relator term (Role) Editor
700 ## - ADDED ENTRY--PERSONAL NAME
Personal name Nielsen, Ruth
Relator term (Role) Editor
942 ## - Koha item type (Biblio)
Koha item type Books in Stacks (Lending)
Holdings
Lost status Damaged status Collection code Home library Current library Shelving location Date acquired Full call number Accession Number Item type
    Lending WERC Library WERC Library Social Science Cupboard 03/31/2024 331.4 HVI 153 Books in Stacks (Lending)

© WERC Library